Premier League Players at the 2026 FIFA World Cup - Statistics

General Stats
  • This quiz has been taken 152 times
    93 since last reset
  • The average score is 85 of 162
Answer Stats
Country Club Answer % Correct
Argentina Aston Villa Emiliano Martínez
91%
Argentina Manchester United Lisandro Martínez
90%
Portugal Manchester United Bruno Fernandes
87%
Portugal Wolverhampton Wanderers José Sá
87%
Argentina Liverpool Alexis Mac Allister
86%
Argentina Chelsea Enzo Fernández
84%
Norway Manchester City Erling Haaland
84%
Brazil Arsenal Gabriel Magalhães
84%
Spain Arsenal David Raya
83%
Belgium Manchester City Jérémy Doku
83%
Belgium Arsenal Leandro Trossard
83%
Germany Arsenal Kai Havertz
80%
Argentina Tottenham Hotspur Cristian Romero
78%
England Arsenal Declan Rice
78%
Brazil Arsenal Gabriel Martinelli
78%
Brazil Newcastle United Bruno Guimarães
77%
Croatia Manchester City Mateo Kovačić
77%
Egypt Liverpool Mohamed Salah
77%
England Arsenal Bukayo Saka
75%
Croatia Manchester City Joško Gvardiol
75%
Norway Arsenal Martin Ødegaard
75%
Brazil Manchester United Matheus Cunha
75%
France Arsenal William Saliba
75%
Netherlands Liverpool Cody Gakpo
74%
Germany Liverpool Florian Wirtz
74%
Egypt Manchester City Omar Marmoush
74%
Portugal Manchester City Rúben Dias
74%
Belgium Aston Villa Youri Tielemans
74%
Brazil Liverpool Alisson Becker
72%
Portugal Manchester City Bernardo Silva
72%
Brazil Brentford Igor Thiago
72%
Netherlands Liverpool Virgil van Dijk
72%
Netherlands Arsenal Jurriën Timber
71%
Ecuador Chelsea Moisés Caicedo
71%
Sweden Liverpool Alexander Isak
70%
Netherlands Manchester City Nathan Aké
70%
Germany Newcastle United Nick Woltemade
70%
Sweden Arsenal Viktor Gyökeres
70%
Brazil Manchester United Casemiro
68%
England Everton Jordan Pickford
68%
France Manchester City Rayan Cherki
68%
Spain Manchester City Rodri
68%
Ghana Manchester City Antoine Semenyo
67%
Algeria Manchester City Rayan Aït-Nouri
67%
France Liverpool Ibrahima Konaté
65%
Netherlands Tottenham Hotspur Micky van de Ven
65%
England Aston Villa Ollie Watkins
65%
Ecuador Arsenal Piero Hincapié
65%
Netherlands Liverpool Ryan Gravenberch
65%
Uzbekistan Manchester City Abdukodir Khusanov
64%
Côte d'Ivoire Manchester United Amad Diallo
64%
Belgium Aston Villa Amadou Onana
64%
New Zealand Nottingham Forest Chris Wood
64%
England Crystal Palace Dean Henderson
64%
England Brentford Jordan Henderson
64%
England Chelsea Reece James
64%
Czech Republic West Ham United Tomáš Souček
64%
England Manchester City John Stones
62%
England Aston Villa Morgan Rogers
62%
Netherlands Manchester City Tijjani Reijnders
62%
Spain Chelsea Marc Cucurella
61%
Germany Brighton & Hove Albion Pascal Groß
61%
Portugal Chelsea Pedro Neto
61%
Mexico Fulham Raúl Jiménez
61%
Japan Liverpool Wataru Endo
61%
England Arsenal Eberechi Eze
58%
England Nottingham Forest Elliot Anderson
58%
Belgium Manchester United Senne Lammens
58%
England Aston Villa Ezri Konsa
57%
Switzerland Sunderland Granit Xhaka
57%
Spain Arsenal Martín Zubimendi
57%
Spain Arsenal Mikel Merino
57%
England Newcastle United Dan Burn
55%
Portugal Manchester United Diogo Dalot
55%
Uruguay Manchester United Manuel Ugarte
55%
Netherlands Brighton & Hove Albion Bart Verbruggen
54%
Senegal Crystal Palace Ismaïla Sarr
54%
England Manchester City James Trafford
54%
France Crystal Palace Jean-Philippe Mateta
54%
England Manchester United Kobbie Mainoo
54%
Senegal Chelsea Mamadou Sarr
54%
Morocco Manchester United Noussair Mazraoui
54%
Senegal Tottenham Hotspur Pape Matar Sarr
54%
France Aston Villa Lucas Digne
52%
Spain Tottenham Hotspur Pedro Porro
52%
Netherlands Brighton & Hove Albion Jan Paul van Hecke
51%
Austria Tottenham Hotspur Kevin Danso
51%
England Manchester City Marc Guéhi
51%
England Arsenal Noni Madueke
51%
Belgium Fulham Timothy Castagne
51%
Scotland Tottenham Hotspur Andrew Robertson
49%
England Tottenham Hotspur Djed Spence
49%
Brazil AFC Bournemouth Rayan
49%
United States Bournemouth Tyler Adams
49%
United States Fulham Antonee Robinson
48%
Scotland Aston Villa John McGinn
48%
Netherlands Bournemouth Justin Kluivert
48%
England Manchester City Nico O'Reilly
48%
Democratic Republic of the Congo Newcastle United Yoane Wissa
48%
Colombia Crystal Palace Daniel Muñoz
46%
France Chelsea Malo Gusto
46%
Turkey Manchester United Altay Bayındır
45%
Netherlands West Ham United Crysencio Summerville
45%
Uruguay Tottenham Hotspur Rodrigo Bentancur
45%
Sweden Newcastle United Anthony Elanga
43%
Netherlands Chelsea Jorrel Hato
43%
Sweden Tottenham Hotspur Lucas Bergvall
43%
Germany Newcastle United Malick Thiaw
43%
Portugal Manchester City Matheus Nunes
43%
France Crystal Palace Maxence Lacroix
43%
England Newcastle United Tino Livramento
43%
Turkey Brighton & Hove Albion Ferdi Kadıoğlu
42%
Belgium Brighton & Hove Albion Maxim De Cuyper
42%
Democratic Republic of the Congo West Ham United Aaron Wan-Bissaka
41%
South Korea Wolverhampton Wanderers Hee-chan Hwang
41%
Senegal Everton Iliman Ndiaye
41%
Japan Crystal Palace Daichi Kamada
39%
Norway Crystal Palace Jørgen Strand Larsen
39%
Netherlands Sunderland Brian Brobbey
38%
United States Crystal Palace Chris Richards
38%
Colombia Crystal Palace Jefferson Lerma
36%
Netherlands Sunderland Robin Roefs
36%
Norway Fulham Sander Berge
36%
Sweden Aston Villa Victor Lindelöf
36%
Haiti Sunderland Wilson Isidor
36%
Spain Crystal Palace Yéremy Pino
36%
United States Leeds United Brenden Aaronson
33%
Norway Brentford Kristoffer Ajer
33%
Czech Republic Wolverhampton Wanderers Ladislav Krejčí
33%
Norway Fulham Oscar Bobb
33%
Scotland AFC Bournemouth Ryan Christie
33%
Côte d'Ivoire Nottingham Forest Ibrahim Sangaré
32%
Netherlands Brighton & Hove Albion Mats Wieffer
32%
Tunisia Burnley Hannibal Mejbri
30%
Senegal Everton Idrissa Gueye
30%
South Africa Burnley Lyle Foster
30%
Democratic Republic of the Congo Sunderland Noah Sadiki
30%
Morocco Crystal Palace Chadi Riad
29%
Switzerland Nottingham Forest Dan Ndoye
29%
Scotland Brentford Aaron Hickey
28%
Japan Leeds United Ao Tanaka
28%
Morocco Sunderland Chemsdine Talbi
28%
Paraguay Brighton & Hove Albion Diego Gómez
28%
Morocco Fulham Issa Diop
28%
Democratic Republic of the Congo Burnley Axel Tuanzebe
26%
Switzerland Leeds United Noah Okafor
26%
Côte d'Ivoire Crystal Palace Evann Guessand
25%
Haiti Wolverhampton Wanderers Jean-Ricner Bellegarde
25%
Sweden Brighton & Hove Albion Yasin Ayari
25%
Senegal West Ham United El Hadji Malick Diouf
23%
Sweden Leeds United Gabriel Gudmundsson
23%
Norway Wolverhampton Wanderers David Møller Wolfe
22%
Paraguay Sunderland Omar Alderete
22%
Scotland Manchester United Tyler Fletcher
22%
Scotland AFC Bournemouth Ben Gannon-Doak
20%
Scotland Everton Nathan Patterson
19%
Switzerland Burnley Zeki Amdouni
19%
Uruguay Wolverhampton Wanderers Santiago Bueno
17%
Scotland Nottingham Forest Angus Gunn
16%
Senegal Sunderland Habib Diarra
14%
Sweden Burnley Hjalmar Ekdal
14%
Ecuador Sunderland Nilson Angulo
13%
No matching quizzes found
Score Distribution
Percent of People with Each Score
Percentile by Number Answered
Your Score History
You have not taken this quiz since the last reset